000 00706nam a2200217Ia 4500
001 18055
003 GE_BSU
008 181216s||||||||xx |||||||||||||| ||und||
040 _cGE_BSU
080 _a81'373.21
100 _aღლონტი, ალექსანდრე
245 _aმცხეთის ტოპონიმია. II
245 _bტოპონიმიკური ძიებანი
245 _cრედ. ნ.ასათიანი
260 _aთბილისი
260 _bსაბჭ. საქართველო
260 _c1975
300 _a77 გვ. ; 22 სმ
653 _aმცხეთის ტოპონიმია
942 _cBK
999 _c51098
_d51098